000 01329cam a22002531i 4500
003 SA-RiAUC
005 20250301181207.0
008 250121q19001999qa b g 00000bara c
040 _aSA-MaUQU
_bara
_cSA-RiAUC
_erda
082 0 4 _a239
090 _a239
_bا ب ن د
100 1 _aابن الديبع، عبد الرحمن بن علي بن محمد،
_d866-944 هجري
_eمؤلف.
245 1 0 _aحدائق الأنوار ومطالع الأسرار في سيرة النبي المختار صلى الله عليه وسلم وعلى آله المصطفين الأخيار /
_cتأليف ابن الديبع الشيباني الشافعي ؛ حققه عبد الله إبراهيم الأنصاري.
264 1 _aالدوحة :
_bإدارة إحياء التراث الإسلامي،
_c[بين 1900 و1999]
300 _a3 مجلد :
_bخرائط ؛
_c27 سم
336 _aنص
_btxt
_2rdacontent
_3كتاب
337 _aبدون وسيط
_bn
_2rdamedia
338 _aمجلد
_bnc
_2rdacarrier
600 0 7 _aمحمد (صلى الله عليه وسلم)،
_d53 قبل الهجرة-11 هجري
_2aucnm
650 7 _aالسيرة النبوية
_2aucsh
700 1 _aالأنصاري، عبد الله بن إبراهيم،
_d1333-1410 هجري
_eمحقق.
942 _2ddc
_cBOOK
_n0
949 _aSA-JeALM
_d250121
_umohamedma123
_n1
999 _c6226
_d6226